The power of logos : How to create effective company logos
| Main Author: | |
|---|---|
| Other Authors: | |
| Format: | Book |
| Published: |
New York :
John Wiley & Sons. ,
C1997
|
| Subjects: |
MARC
| LEADER | 00000cam a2200000 7i4500 | ||
|---|---|---|---|
| 001 | 0000009918 | ||
| 005 | 20050429.0 | ||
| 020 | |a 0471287784 | ||
| 040 | |a INS | ||
| 090 | 0 | 0 | |a HD59.2. |b H35 1997 |
| 100 | 1 | |a Haigh, William L. | |
| 245 | 1 | 0 | |a The power of logos : |b How to create effective company logos |c William L. Haig & Laurel Harper |
| 260 | |a New York : |b John Wiley & Sons. , |c C1997 | ||
| 300 | |a xvi, 191p. : |b ill. ; |c 24cm. | ||
| 650 | 0 | 0 | |a Logos (symbol) |
| 650 | 0 | 0 | |a Trademarks |
| 700 | 0 | |a Harper, Laurel | |
| 999 | |a 0000009215 |b BOOK |c Open Shelf |e Default branch | ||